000 00858cam a2200253Ii 4500
001 1038493963
003 OSt
005 20250430104327.0
008 180605s2019 enk o 000 0 eng d
020 _z9780198827542 (hardcover)
040 _aYDX
_beng
_erda
_cYDX
_dNUST
050 4 _aQA274.7 REU
100 1 _aReutenauer, Christophe
_eAuthor
245 1 0 _aFrom Christoffel words to Markoff numbers /
_cChristophe Reutenauer.
260 _aOxford :
_bOxford University Press,
_c2019.
300 _axi, 156 pages :
_bIllustrations ;
_c24 cm.
336 _atext
_btxt
_2rdacontent
337 _aunmediated
_bn
_2rdamedia
338 _avolume
_bnc
_2rdacarrier
504 _aIncludes bibliographical references and index.
650 0 _vCombinatorial analysis.
650 0 _vMarkov processes.
942 _2lcc
_cBOOKS
_hQA274.7 REU
_kQA
_mREU
_n0
999 _c171719
_d171719